Statistics for Spanish Vocabulary Words That Start With Q

Click here to take the quiz!

General Stats

  • This quiz has been taken 2,246 times
  • The average score is 8 of 12

Answer Stats

English español % Correct
cheesequeso
97%
whoquién
96%
to wantquerer
92%
fifteenquince
92%
to stayquedar
78%
chemistryquímica
63%
fifthquinto
60%
to burnquemar
59%
dearquerido
59%
perhapsquizás
59%
to complainquejar
50%
take offquitar
43%

Score Distribution

Percentile by Number Answered

Percent of People with Each Score

Your Score History

You have not taken this quiz